Current NFL Players from Obscure Schools - Statistics

General Stats
  • This quiz has been taken 32 times
  • The average score is 14 of 60
Answer Stats
Hint Answer % Correct
Daniel Jones Duke
56%
Gabe Davis UCF
56%
Bailey Zappe Western Kentucky
56%
Gardner Minshew II Washington State
52%
Jason Pierre-Paul USF
44%
Logan Wilson Wyoming
44%
Sean Murphy-Bunting Central Michigan
40%
Devin Singletary FAU
40%
Cameron Brate Harvard
40%
Jahlani Tavai Hawaii
40%
Chris Harris Jr. Kansas
40%
Taylor Heinicke Old Dominion
40%
Tyler Lockett Kansas State
36%
Aaron Jones Texas - El Paso
36%
Ezra Cleveland Boise State
32%
Joel Bitonio Nevada
32%
David Mayo Texas State
32%
Tyreek Hill West Alabama
32%
Scotty Miller Bowling Green
28%
Ahkello Witherspoon Colorado
28%
Jessie Bates III Wake Forest
28%
Alex Highsmith Charlotte
24%
Michael Gallup Colorado State
24%
Kendrick Bourne Eastern Washington
24%
Tony Pollard Memphis
24%
Troy Andersen Montana State
24%
Jimmie Ward Northern Illinois
24%
Chris Banjo SMU
24%
Jeremy Chinn Southern Illinois
24%
Matthew Ioannidis Temple
24%
Marcus Davenport Texas - San Antonio
24%
Bryce Callahan Rice
20%
Cole Strange Tennessee - Chattanooga
20%
Caleb Huntley Ball State
16%
Shaq Mason Georgia Tech
16%
Matt Judon Grand Valley
16%
Robert Tonyan Indiana State
16%
Patrick Ricard Maine
16%
Jason Verrett TCU
16%
J.D. McKissic Arkansas State
12%
Will Lutz Georgia State
12%
Kyle Dugger Lenoir-Rhyne
12%
James Bradberry IV Samford
12%
Khari Blasingame Vanderbilt
12%
C.J. Ham Augustana
8%
George Odum Central Arkansas
8%
John Cominsky Charleston
8%
Kalif Raymond Holy Cross
8%
Jason Myers Marist
8%
Shane Zylstra Minnesota State
8%
Zyon McCollum Sam Houston State
8%
John Franklin-Myers Stephen F. Austin
8%
DeAndre Houston-Carson William & Mary
8%
Gunner Olszewski Bemidji State
4%
Erik Harris California (PA)
4%
David Onyemata Manitoba
4%
Akiem Hicks Regina
4%
Dennis Gardeck Sioux Falls
4%
Braxton Jones Southern Utah State
4%
Corey Ballentine Washburn
4%
No matching quizzes found
Score Distribution
Percent of People with Each Score
Percentile by Number Answered
Your Score History
You have not taken this quiz